[Event "6th GRENKE Chess Classic 2019"]
[Site "Karlsruhe/Baden-Baden"]
[Date "2019.04.22"]
[Round "3.1"]
[White "Carlsen, Magnus"]
[Black "Anand, Viswanathan"]
[Result "1/2-1/2"]
[WhiteElo "2845"]
[BlackElo "2774"]
[Annotator "TA"]
[PlyCount "126"]
[EventDate "2019.03.30"]
[EventType "tourn"]
[EventCountry "GER"]
[SourceTitle "playchess.com"]
[Source "ChessBase"]
[SourceQuality "1"]

{[%evp 9,126,-7,0,0,-2,-7,0,0,0,-7,-6,-28,77,64,130,116,117,111,124,117,119,128,125,118,133,133,139,125,133,132,133,132,133,119,129,129,133,131,132,133,133,132,137,127,132,133,175,100,100,99,103,101,104,90,104,104,104,97,104,101,100,89,95,103,104,91,102,75,74,74,71,36,60,17,17,17,17,17,17,17,27,3,38,16,8,0,0,0,83,3,4,5,62,62,63,63,214,212,210,194,172,164,139,0,0,0,0,0,0,0,0,0,0,0,0,0,0,0,0]} 1. c4 e5 2. g3 Nf6 3. Nc3 Bb4 4. e4 Bxc3 5. dxc3 d6 6. f3 {A22: English Opening: 1...e5 2 Nc3 Nf6} a5 7. Nh3 a4 $146 ({Predecessor:} 7... Na6 8. Nf2 Nc5 9. Be2 Qe7 10. Qc2 O-O 11. Nd1 Be6 {½-½ (21) Svidler,P (2736)-Tomashevsky,E (2705) Germany 2019}) 8. Nf2 Be6 9. Bd3 Nbd7 10. Qe2 c6 (10... Nc5 $11) 11. f4 $16 Nb6 (11... exf4 $14 12. gxf4 Nc5) 12. Be3 c5 13. O-O-O Qe7 14. f5 Bd7 15. g4 h6 16. h4 O-O-O 17. g5 Ne8 18. Bd2 hxg5 19. hxg5 Nc7 20. Ng4 Rdg8 21. Rh2 Qf8 22. Rdh1 Kb8 23. b4 axb3 24. axb3 Nc8 25. Kb2 Qd8 26. Rh7 Rxh7 27. Rxh7 Rh8 28. Qh2 ({Stronger than} 28. Rxg7 Qf8 $11) (28. g6 $18) 28... Rxh7 29. Qxh7 Qf8 30. Ne3 Ne7 31. Kc2 Qg8 32. Qh4 Qf8 33. Kd1 Nc6 34. Qh7 Ne7 35. Ke2 Nc8 36. Kf2 Ne7 37. Be2 Qg8 38. Qh1 g6 {[%cal Rg6f5]} 39. Qh6 Ne8 {[%cal Rg6f5]} 40. f6 Nc6 41. b4 Nc7 42. bxc5 dxc5 43. Nd5 Ne6 44. Be3 Ka7 45. Bg4 b6 46. Nc7 {Bxe6 is the strong threat.} Qc8 $132 {[%mdl 2048] Black is not holding back} 47. Nb5+ Kb8 48. Nd6 Qg8 (48... Qa6 $1 $11 {keeps the balance.}) 49. Qh1 (49. Kg1 $16) 49... Qf8 $11 50. Qd1 Ncd8 (50... Na5 $11) 51. Nb5 $14 Bc6 52. Kg1 Nc7 $2 {[#]} ({Black should try} 52... Bxb5 $14 53. cxb5 Kc7) 53. Bf2 $1 $18 {aiming for Bg3.} Nb7 54. Bg3 Bxb5 55. cxb5 Qd6 56. Qe2 ({Better is} 56. Kg2 $16 {Black must now prevent Qxd6.} Qxd1 57. Bxd1 Nxb5 58. Bxe5+ Kc8 59. Kg3) 56... Ne6 $11 {The position is equal.} 57. Bxe6 Qxe6 58. Qh2 Qg4 {[%mdl 64] [#] Strongly threatening ...Nd6. Double Attack} 59. Kf2 {Hoping for Qh8+.} Qxe4 60. Bxe5+ Kc8 61. Qh3+ Kd8 62. Qh8+ Kd7 63. Qh3+ Kd8 {Accuracy: White = 58%, Black = 54%.} 1/2-1/2

[Event "6th GRENKE Chess Classic 2019"]
[Site "Karlsruhe/Baden-Baden"]
[Date "2019.04.22"]
[Round "3.2"]
[White "Svidler, Peter"]
[Black "Meier, Georg"]
[Result "1-0"]
[WhiteElo "2735"]
[BlackElo "2628"]
[Annotator "RC"]
[PlyCount "73"]
[EventDate "2019.03.30"]
[EventType "tourn"]
[EventCountry "GER"]
[SourceTitle "playchess.com"]
[Source "ChessBase"]
[SourceQuality "1"]
[TimeControl "40/6000+30:20/3000+30:900+30"]

1. e4 {[%emt 0:00:00]} e6 {[%emt 0:00:00]} 2. d4 {[%emt 0:00:00]} d5 {[%emt 0:00:00]} 3. Nc3 {[%emt 0:00:00]} Nf6 {[%emt 0:00:00]} 4. e5 {[%emt 0:01:05]} Nfd7 {[%emt 0:00:00]} 5. f4 {[%emt 0:00:08]} c5 {[%emt 0:00:00]} 6. Nf3 {[%emt 0:00:06]} Nc6 {[%emt 0:00:03]} 7. Be3 {[%emt 0:00:15]} cxd4 {[%emt 0:00:14]} 8. Nxd4 {[%emt 0:00:03]} Qb6 {[%emt 0:00:21]} 9. Qd2 {[%emt 0:01:21]} Qxb2 {[%emt 0:00:10]} 10. Rb1 {[%emt 0:00:09]} Qa3 {[%emt 0:00:05]} 11. Bb5 {[%emt 0:00:42]} Nxd4 {[%emt 0:00:13]} 12. Bxd4 {[%emt 0:00:05]} Bb4 {[%emt 0:00:11]} 13. Rb3 {[%emt 0:15:09]} Qa5 {[%emt 0:00:54]} 14. a3 {[%emt 0:02:42]} Be7 {[%emt 0:02:04]} 15. f5 {[%emt 0:05:34]} exf5 {[%emt 0:00:41]} 16. Nxd5 {[%emt 0:01:33]} Qxd2+ {[%emt 0:00:13]} 17. Kxd2 {[%emt 0:00:06]} Bd8 {[%emt 0:00:08]} 18. Rc3 {[%emt 0:22:46]} Ba5 {[%emt 0:46:29]} 19. Nc7+ {[%emt 0:06:35]} Bxc7 {[%emt 0:00:16]} 20. Rxc7 {[%emt 0:00:04]} Kd8 {[%emt 0:01:32]} 21. Rc3 {[%emt 0:01:30]} Nf8 {[%emt 0:09:21]} 22. Bc5 {[%emt 0:06:20]} Bd7 {[%emt 0:02:08]} 23. Bxf8 {[%emt 0:00:49]} Bxb5 {[%emt 0:00:13]} 24. Bxg7 {[%emt 0:00:03]} Rg8 {[%emt 0:00:33]} 25. Bf6+ {[%emt 0:00:48]} Kd7 {[%emt 0:01:14]} 26. Rd1 {[%emt 0:04:15]} f4 {[%emt 0:08:49]} 27. g3 {[%emt 0:04:25]} fxg3 {[%emt 0:08:30]} 28. Kc1+ {[%emt 0:01:44]} Ke8 {[%emt 0:00:13]} 29. hxg3 {[%emt 0:00:32]} Bc6 {[%emt 0:09:56]} 30. Rd4 {[%emt 0:04:23]} Rg6 {[%emt 0:08:54]} 31. Rcd3 {[%emt 0:02:58]} Kf8 {[%emt 0:00:07]} 32. Rh4 {[%emt 0:00:18]} h6 {[%emt 0:00:07]} 33. g4 {[%emt 0:00:48]} Bb5 {[%emt 0:03:32]} 34. Rd2 {[%emt 0:01:36]} Re8 {[%emt 0:04:43]} 35. g5 {[%emt 0:00:51]} Rxg5 {[%emt 0:00:06]} 36. Rxh6 {[%emt 0:00:11]} Rg8 {[%emt 0:00:37]} 37. Rdh2 {[%emt 0:00:14]} 1-0

[Event "6th GRENKE Chess Classic 2019"]
[Site "Karlsruhe/Baden-Baden"]
[Date "2019.04.22"]
[Round "3.3"]
[White "Keymer, Vincent"]
[Black "Caruana, Fabiano"]
[Result "0-1"]
[WhiteElo "2516"]
[BlackElo "2819"]
[Annotator "TA"]
[PlyCount "84"]
[EventDate "2019.03.30"]
[EventType "tourn"]
[EventCountry "GER"]
[SourceTitle "playchess.com"]
[Source "ChessBase"]
[SourceQuality "1"]

{[%evp 12,84,41,28,28,24,37,34,51,48,41,30,34,36,38,29,27,33,38,27,31,6,26,28,30,24,60,33,59,23,27,26,26,26,40,40,19,26,31,28,22,20,48,51,32,74,99,99,60,0,2,31,179,150,124,50,152,146,95,0,0,-8,-29,-13,0,-518,-525,-468,-320,-824,-688,-669,-666,-1110,-1080]} 1. d4 Nf6 2. c4 e6 3. Nf3 Bb4+ 4. Bd2 Qe7 5. g3 Nc6 6. a3 Bxd2+ 7. Qxd2 d5 {E11: Bogo-Indian} 8. Bg2 O-O (8... dxc4 9. Qc3 e5 10. dxe5 Ng4 11. O-O O-O 12. Qxc4 Ncxe5 13. Nxe5 Nxe5 14. Qb4 Qxb4 15. axb4 {1-0 (44) Fridman,D (2591)-Almasi,Z (2702) Batumi 2018}) 9. O-O b6 $146 {White is slightly better.} ({Predecessor:} 9... dxc4 10. Qc3 e5 11. dxe5 Ng4 12. Qxc4 Ncxe5 13. Nxe5 Qxe5 14. Nc3 c6 15. Rad1 {½-½ (28) Bellegotti,G (2415)-De Filippis,F (2398) ICCF email 2016}) 10. Qc2 Bb7 11. cxd5 exd5 12. Nc3 Nd8 {[%cal Bc6d8,Bd8e6,Be6f8,Bf8d7][%mdl 32]} 13. e3 c5 14. Rfd1 Ne6 15. Rac1 Rfd8 16. Qb1 Rac8 17. b4 c4 18. Ne5 g6 19. h4 Nf8 20. Qb2 N8d7 21. f4 a6 22. Bh3 b5 23. g4 Nxe5 24. fxe5 Ne4 25. Nxe4 dxe4 26. g5 {d5 is the strong threat.} Rc7 27. Rf1 Bd5 28. Rf6 Rc6 29. Qf2 a5 30. h5 (30. Rf1 $14) 30... axb4 $11 (30... gxh5 $6 31. Qh4 $16) 31. axb4 Rf8 (31... Ra8 $1 $14) 32. Rf1 c3 ({Wrong is} 32... Qxb4 $2 33. Rxc6 Qe7 34. Rd6 $18) 33. Kh2 (33. Qf4 $16) 33... Ra8 {[#]} ({But not} 33... gxh5 $2 34. Qe2 $18) ({Don't go for} 33... Qxb4 $2 34. Rxc6 Bxc6 35. Qf6 $18) (33... Rc7 $14) 34. hxg6 $1 $16 hxg6 {[#]} 35. Rxc6 (35. Kg3 $1 $16) 35... Bxc6 $11 36. Rc1 {Black must now prevent Qf6.} Qxb4 {Hoping for ...Bd5.} 37. Kg3 {Threatening Qf6.} Qa3 38. Rh1 $2 {[%mdl 8192] [#]} (38. Rc2 $1 $11 Qb3 39. Qf6) 38... c2 $1 $19 {[%cal Rc2c1][%mdl 512]} 39. e6 (39. Qxc2 Qxe3+) 39... Be8 40. Qd2 $2 (40. Rf1 Ra7 41. Qxc2 Qxe3+ {[%mdl 64] Double Attack} 42. Kh2 Qxd4 43. Qf2) 40... Qd3 {Black is clearly winning.} 41. Qf2 {intending Qf4.} Ra3 42. Kf4 Qd1 {Accuracy: White = 52%, Black = 56%.} 0-1

[Event "6th GRENKE Chess Classic 2019"]
[Site "Karlsruhe/Baden-Baden"]
[Date "2019.04.22"]
[Round "3.4"]
[White "Vachier-Lagrave, Maxime"]
[Black "Naiditsch, Arkadij"]
[Result "1/2-1/2"]
[WhiteElo "2773"]
[BlackElo "2695"]
[Annotator "RC"]
[PlyCount "84"]
[EventDate "2019.03.30"]
[EventType "tourn"]
[EventCountry "GER"]
[SourceTitle "playchess.com"]
[Source "ChessBase"]
[SourceQuality "1"]
[TimeControl "40/6000+30:20/3000+30:900+30"]

1. e4 {[%emt 0:00:00]} e5 {[%emt 0:00:00]} 2. Nf3 {[%emt 0:00:00]} Nc6 {[%emt 0:00:00]} 3. Bb5 {[%emt 0:00:00]} Nf6 {[%emt 0:00:02]} 4. O-O {[%emt 0:00:00]} Nxe4 {[%emt 0:00:15]} 5. d4 {[%emt 0:00:00]} Nd6 {[%emt 0:00:12]} 6. Bxc6 {[%emt 0:00:00]} dxc6 {[%emt 0:00:09]} 7. dxe5 {[%emt 0:00:00]} Nf5 {[%emt 0:00:12]} 8. Qxd8+ {[%emt 0:00:00]} Kxd8 {[%emt 0:00:09]} 9. h3 {[%emt 0:00:02]} Ne7 {[%emt 0:03:41]} 10. Rd1+ {[%emt 0:00:47]} Ke8 {[%emt 0:00:12]} 11. Nc3 {[%emt 0:00:09]} Ng6 {[%emt 0:04:58]} 12. b3 {[%emt 0:00:26]} Be7 {[%emt 0:03:12]} 13. Ne4 {[%emt 0:02:33]} a5 {[%emt 0:11:33]} 14. Re1 {[%emt 0:04:46]} a4 {[%emt 0:08:29]} 15. Bb2 {[%emt 0:01:11]} Be6 {[%emt 0:17:44]} 16. Nd4 {[%emt 0:03:27]} Nf4 {[%emt 0:03:43]} 17. Rad1 {[%emt 0:07:58]} h5 {[%emt 0:23:27]} 18. h4 {[%emt 0:11:52]} Nd5 {[%emt 0:08:11]} 19. c4 {[%emt 0:08:04]} Nb4 {[%emt 0:00:36]} 20. a3 Na6 {[%emt 0:00:06]} 21. b4 {[%emt 0:04:53]} c5 {[%emt 0:05:42]} 22. Nxe6 {[%emt 0:02:38]} fxe6 {[%emt 0:00:07]} 23. b5 {[%emt 0:00:05]} Nb8 {[%emt 0:00:05]} 24. f4 {[%emt 0:12:33]} Rf8 {[%emt 0:02:39]} 25. Nf6+ {[%emt 0:06:10]} gxf6 {[%emt 0:05:10]} 26. exf6 {[%emt 0:00:15]} Bd6 {[%emt 0:00:29]} 27. Rxe6+ {[%emt 0:09:18]} Kf7 {[%emt 0:00:25]} 28. Rde1 {[%emt 0:05:19]} Rd8 {[%emt 0:02:18]} 29. g4 {[%emt 0:00:13]} hxg4 {[%emt 0:03:03]} 30. h5 {[%emt 0:00:29]} Nd7 {[%emt 0:00:39]} 31. Re7+ {[%emt 0:17:42]} Bxe7 {[%emt 0:00:07]} 32. Rxe7+ {[%emt 0:00:04]} Kg8 {[%emt 0:00:08]} 33. Rg7+ {[%emt 0:01:48]} Kh8 {[%emt 0:00:12]} 34. f7 {[%emt 0:00:49]} Rf8 {[%emt 0:01:22]} 35. f5 {[%emt 0:02:40]} Nb6 {[%emt 0:01:02]} 36. Bf6 {[%emt 0:02:06]} Nxc4 {[%emt 0:01:34]} 37. Rxg4+ {[%emt 0:00:50]} Kh7 {[%emt 0:00:05]} 38. Rg7+ {[%emt 0:00:04]} Kh6 {[%emt 0:00:45]} 39. Rg6+ {[%emt 0:00:03]} Kh7 {[%emt 0:01:13]} 40. Rg7+ {[%emt 0:00:00]} Kh6 {[%emt 0:00:00]} 41. Rg6+ {[%emt 0:00:06]} Kh7 {[%emt 0:05:32]} 42. Rg7+ {[%emt 0:00:32]} Kh6 {[%emt 0:00:07]} 1/2-1/2

[Event "6th GRENKE Chess Classic 2019"]
[Site "Karlsruhe/Baden-Baden"]
[Date "2019.04.22"]
[Round "3.5"]
[White "Aronian, Levon"]
[Black "Vallejo Pons, Francisco"]
[Result "1/2-1/2"]
[WhiteElo "2763"]
[BlackElo "2693"]
[Annotator "TA"]
[PlyCount "62"]
[EventDate "2019.03.30"]
[EventType "tourn"]
[EventCountry "GER"]
[SourceTitle "playchess.com"]
[Source "ChessBase"]
[SourceQuality "1"]

{[%evp 20,62,13,10,17,12,23,10,22,31,7,31,36,0,22,22,19,20,13,17,22,-50,-48,-41,-57,-52,-42,-85,0,0,0,0,0,0,0,0,0,0,0,0,0,0,0,0,0]} 1. e4 e6 2. d4 d5 3. Nc3 Nf6 4. e5 Nfd7 5. f4 c5 6. Nf3 Nc6 7. Be3 cxd4 8. Nxd4 Qb6 9. Qd2 Qxb2 10. Rb1 Qa3 11. Bb5 $1 {Threatens to win with Rb3.} Nxd4 {C11: French: Classical System: 4 e5 and 4 Bg5 dxe4} 12. Bxd4 a6 13. Bxd7+ Bxd7 14. Rb3 Qe7 $1 15. Rxb7 Rc8 {[#]} 16. Qe3 $146 ({Predecessor:} 16. O-O Qd8 {½-½ (32) Shirov,A (2631)-Forcen Esteban,D (2569) Linares 2018}) 16... Qd8 17. O-O Rc4 18. Rfb1 Be7 19. f5 Bg5 20. Qf2 ({White should try} 20. Qd3 $11 O-O 21. Ne4) 20... exf5 $15 21. e6 fxe6 {Hoping for ...Bf6.} 22. Bxg7 Rg8 23. Be5 {[#]} d4 $1 {[%mdl 512]} 24. Qe2 $36 {[%mdl 2048] The position is equal. White has some pressure.} (24. Bxd4 Bc8) 24... Be3+ 25. Kf1 $1 {And now Qh5+ would win.} Qh4 26. Rxd7 $1 Kxd7 27. Rb7+ Ke8 $1 ({Not} 27... Kd8 $2 28. Rb8+ Ke7 29. Rxg8 $18) 28. Rb8+ $1 Kf7 29. Rb7+ Ke8 30. Rb8+ $1 Kf7 31. Rb7+ Ke8 {Accuracy: White = 76%, Black = 88%.} 1/2-1/2

[Event "6th GRENKE Chess Classic 2019"]
[Site "Karlsruhe/Baden-Baden"]
[Date "2019.04.23"]
[Round "4.1"]
[White "Caruana, Fabiano"]
[Black "Carlsen, Magnus"]
[Result "1/2-1/2"]
[WhiteElo "2819"]
[BlackElo "2845"]
[Annotator "TA"]
[PlyCount "142"]
[EventDate "2019.03.30"]
[EventType "tourn"]
[EventCountry "GER"]
[SourceTitle "playchess.com"]
[Source "ChessBase"]
[SourceQuality "1"]

{[%evp 20,142,30,43,35,29,41,39,35,18,17,5,19,18,16,21,37,16,11,10,15,18,16,16,18,8,46,14,9,0,0,0,0,-31,-20,-18,-30,-29,12,14,2,-22,-21,-8,-8,-8,-8,-8,-8,-19,-19,-23,-24,-67,-58,-62,-58,-73,-20,-12,-9,-9,-13,-28,-28,-27,-20,-20,-20,-20,-20,-20,-17,-68,-68,-68,-67,-68,-68,-68,-67,-68,-68,-68,-68,-68,-68,-68,-68,-68,-68,-68,-68,-68,-68,-68,-68,-68,-68,-68,-68,-68,-68,-70,-70,-70,-70,-70,-70,-70,-70,-70,-70,-70,-70,-70,-70,-70,-68,-70,-68,-70,-8,-8,-8]} 1. e4 c5 2. Nf3 Nc6 3. d4 cxd4 4. Nxd4 Nf6 5. Nc3 e5 6. Ndb5 d6 7. Nd5 Nxd5 8. exd5 Ne7 9. c4 Ng6 10. Qa4 Bd7 11. Qb4 Bf5 {B33: Sicilian: Pelikan and Sveshnikov Variations} 12. h4 h5 13. Bg5 (13. Be3 a6 14. Nc3 Qc7 15. g3 Be7 16. f3 Nf8 17. Ne4 {½-½ (31) Caruana,F (2832)-Carlsen,M (2835) London 2018}) 13... Qb8 {[#] White is slightly better.} 14. Qa4 $146 {[%cal Rb5d6]} ({Predecessor:} 14. Be2 a6 15. Nc3 Qc7 16. g3 Be7 17. Be3 e4 18. O-O O-O 19. Bxh5 {0-1 (39) Karjakin,S (2753)-Carlsen,M (2845) Shamkir 2019}) 14... Bd7 {...a6 is the strong threat.} 15. Qc2 Bxb5 16. cxb5 Be7 17. Bd3 Nf8 18. b6 {Hoping for Bb5+.} Nd7 19. bxa7 Qxa7 20. O-O Bxg5 21. hxg5 O-O 22. Bf5 Rad8 23. b4 Qd4 24. Qc7 Nb6 25. Rad1 Qf4 $1 26. Bh3 Na4 $1 ({Stronger than} 26... Qxb4 27. g6 $16) 27. g6 fxg6 28. Qc2 $1 {[%cal Rc2a4][%mdl 64] [#] Double Attack} b5 29. Qxg6 Rf6 $132 {[%mdl 2048] Black is not holding back} 30. Qxh5 g6 31. Qg4 Qxg4 32. Bxg4 Rf4 33. Be6+ Kg7 34. Rc1 Rxb4 35. Rc7+ Kh6 36. g3 Nc5 37. f4 exf4 38. Rxf4 Rxf4 ({Better is} 38... Rb1+ $17 39. Kg2 Rb2+ 40. Kh3 Rxa2) 39. gxf4 $15 {[%mdl 4096] Endgame KRB-KRN} Ra8 40. Rc6 $1 Ne4 41. Bh3 Rxa2 42. Bg2 Ng3 {aiming for ...Ne2+.} 43. Rxd6 Ne2+ 44. Kf1 Nxf4 45. Be4 Ra4 46. Bxg6 (46. Bf3 $11) 46... Nxg6 $11 {KRN-KR} 47. Rb6 Rf4+ 48. Ke1 b4 {Strongly threatening ...Kg5.} 49. d6 Rd4 {[#]} 50. d7 $1 {[%mdl 512]} Rxd7 {White must now prevent ...Rd4.} 51. Rxb4 Kg5 52. Ke2 Re7+ 53. Kd2 Kf5 54. Rb5+ Ne5 55. Rb4 Rd7+ 56. Ke2 Nd3 57. Ra4 Nf4+ 58. Ke1 Kg4 59. Ra3 Rd8 60. Rc3 Rh8 61. Ra3 Rh2 62. Kd1 Kf5 63. Re3 Nd5 64. Re8 Kf4 65. Kc1 Nc3 66. Re7 Ne4 67. Re8 Ke3 68. Re7 Rh6 69. Rc7 Kd3 70. Rd7+ Rd6 (70... Kc3 $15 71. Rc7+ Kd3) 71. Rxd6+ Nxd6 {Accuracy: White = 67%, Black = 79%.} 1/2-1/2

[Event "6th GRENKE Chess Classic 2019"]
[Site "Karlsruhe/Baden-Baden"]
[Date "2019.04.23"]
[Round "4.2"]
[White "Naiditsch, Arkadij"]
[Black "Keymer, Vincent"]
[Result "1-0"]
[WhiteElo "2695"]
[BlackElo "2516"]
[Annotator "TA"]
[PlyCount "71"]
[EventDate "2019.03.30"]
[EventType "tourn"]
[EventCountry "GER"]
[SourceTitle "playchess.com"]
[Source "ChessBase"]
[SourceQuality "1"]

{[%evp 9,71,8,14,25,24,7,26,0,0,0,-7,-16,-6,-16,-8,-39,-35,-31,-28,-28,-23,-40,-33,-37,-26,-22,-8,-36,-30,-52,-2,-29,-25,-57,0,0,0,0,0,-10,60,77,250,199,185,168,167,181,1020,990,2577,2558,1595,901,912,865,1107,1093,971,940,29989,29990,29998,29999]} 1. e4 c5 2. Nc3 a6 3. Nge2 (3. Nf3 d6 4. d4 cxd4 5. Nxd4 Nf6 6. Be3 Ng4 7. Bc1 Nc6 8. Be2 Qb6 9. Bxg4 Bxg4 10. Qxg4 Qxd4 11. O-O e6 12. Rd1 Qf6 13. Qg3 Qg6 14. Bf4 Qxg3 15. Bxg3 {0-1 (67) Guseinov,G (2664)-Artemiev,V (2709) Skopje 2018}) 3... d6 4. a4 Nf6 5. g3 Nc6 6. Bg2 {B23: Closed Sicilian: Lines without g3} e6 7. O-O Be7 8. f4 {White has an edge.} O-O 9. d3 Rb8 10. h3 Nd7 $146 ({Predecessor:} 10... Qc7 11. g4 {1-0 (47) Leiro Giralt,D (2174)-Cuadras Avellana,J (2250) Barcelona 2019}) 11. g4 h6 12. Ng3 Bh4 13. Nce2 b5 14. Kh2 b4 15. Be3 a5 16. Qd2 Ba6 17. b3 Qe7 18. Rg1 Rbc8 19. Raf1 g6 20. e5 d5 21. f5 Ncxe5 22. Bxh6 Rfe8 23. fxg6 fxg6 24. g5 Nf7 (24... Bxg3+ $11 25. Nxg3 c4 26. dxc4 dxc4) 25. Qf4 $14 Nxh6 $2 (25... Bxg3+ $16 {was worth a try.} 26. Qxg3 c4) 26. Qxh4 $18 Nf7 27. Nh5 gxh5 {[#]} 28. Rf6 $1 {[%mdl 512]} Nxf6 $2 (28... Nf8) 29. gxf6 {White threatens Qg3+ and mate.} Qd6+ 30. Nf4 {[%cal Be2f4,Bf4g6,Bg6e5,Be5g4,Bg4f6][%mdl 32] Qg3+ would kill now.} Kf8 31. Qg3 {[%csl Gf6][%cal Rg3g7]} Red8 32. Re1 e5 33. Ng6+ Ke8 34. Nxe5 Qxf6 35. Ng4+ {[%mdl 64] Discovered Attack} Qe7 {[#]} 36. Nf6+ $1 {[%mdl 576] Double Attack. Accuracy: White = 57%, Black = 26%.} 1-0

[Event "6th GRENKE Chess Classic 2019"]
[Site "Karlsruhe/Baden-Baden"]
[Date "2019.04.23"]
[Round "4.3"]
[White "Aronian, Levon"]
[Black "Svidler, Peter"]
[Result "1-0"]
[WhiteElo "2763"]
[BlackElo "2735"]
[Annotator "TA"]
[PlyCount "75"]
[EventDate "2019.03.30"]
[EventType "tourn"]
[EventCountry "GER"]
[SourceTitle "playchess.com"]
[Source "ChessBase"]
[SourceQuality "1"]

{[%evp 19,75,22,21,19,25,15,24,20,22,4,25,22,26,20,22,34,21,21,87,61,79,32,97,99,106,94,173,172,189,179,181,184,219,220,205,194,191,203,215,216,202,200,225,225,208,206,214,192,192,200,196,196,187,177,221,209,239,223]} 1. e4 e5 2. Nf3 Nc6 3. Bb5 a6 4. Ba4 Nf6 5. O-O Be7 6. Re1 b5 7. Bb3 O-O 8. a4 b4 9. d4 d6 10. dxe5 dxe5 11. Nbd2 {C88: Closed Ruy Lopez: Anti-Marshall Systems} Bc5 12. a5 h6 13. h3 {White has an edge.} Qd6 14. Qe2 Be6 15. Nc4 Qe7 16. Be3 Rab8 {[#]} 17. Bxc5 $146 ({Predecessor:} 17. Red1 Nxe4 18. Ba4 Ng3 19. fxg3 Bxc4 20. Qxc4 Bxe3+ {½-½ (41) Karjakin,S (2770)-Svidler,P (2743) Kazan 2014}) 17... Qxc5 18. Ncd2 $36 {[%mdl 2048] White is more active.} Rfe8 (18... Bd7 $11 {keeps the balance.}) 19. Qxa6 $16 {Ba4 is the strong threat.} Ra8 20. Qe2 {aiming for Bxe6.} Nxa5 (20... Rxa5 $14 21. Bxe6 Rxa1 22. Bxf7+ (22. Rxa1 Rxe6 23. Nb3 Qd6 $14) 22... Kxf7 23. Rxa1 Qxc2) 21. Bxe6 fxe6 22. Ra4 Ra7 (22... Nd7 $16) 23. Qe3 $18 {White is clearly better.} Qxe3 24. Rxe3 c5 25. Nxe5 Nc6 26. Rxa7 Nxa7 27. Rd3 Nb5 28. f3 Ra8 29. Nb3 Rc8 {next ...c4 is good for Black.} 30. Nc4 Kf8 31. Kf2 Ke7 32. Rd1 g5 33. Ra1 Nd7 34. Ke3 Nd6 35. Nxd6 Kxd6 36. Ra6+ Ke7 37. Na5 Ne5 38. g3 {Accuracy: White = 94%, Black = 49%.} 1-0

[Event "6th GRENKE Chess Classic 2019"]
[Site "Karlsruhe/Baden-Baden"]
[Date "2019.04.23"]
[Round "4.4"]
[White "Vallejo Pons, Francisco"]
[Black "Anand, Viswanathan"]
[Result "0-1"]
[WhiteElo "2693"]
[BlackElo "2774"]
[Annotator "TA"]
[PlyCount "64"]
[EventDate "2019.03.30"]
[EventType "tourn"]
[EventCountry "GER"]
[SourceTitle "playchess.com"]
[Source "ChessBase"]
[SourceQuality "1"]

{[%evp 11,94,0,0,0,0,0,-2,4,0,-7,15,7,12,0,0,-8,0,0,0,0,0,0,38,41,72,65,73,-6,10,-18,0,0,26,-49,-12,-126,-116,-114,-120,-126,-117,-186,-189,-198,-175,-170,-162,-185,-159,-169,-175,-186,-184,-251,-251,-302,-295,-381,-321,-475,-379,-771,-787,-831,-828,-828,-782,-1010,-539,-865,-926,-904,-910,-847,-862,-856,-836,-1095,-1103,-12848,-12843,-6107,-6003,-5998,-5987]} 1. e4 c6 2. Nc3 d5 3. Nf3 Bg4 4. h3 Bxf3 5. Qxf3 e6 6. g3 Nf6 7. a3 {B11: Caro-Kann: Two Knights Variation} (7. Bg2 Be7 8. O-O O-O 9. Qe2 a5 10. d3 Na6 11. f4 Nc7 12. g4 dxe4 13. dxe4 Nb5 14. Nxb5 cxb5 15. Be3 Qc7 16. Qxb5 {1-0 (35) Nakamura,H (2777)-Aronian,L (2767) chess.com INT 2018}) 7... Bc5 8. d3 O-O 9. Bg2 {The position is equal.} Nbd7 10. O-O b5 11. Qd1 $146 ({Predecessor:} 11. Qe2 a5 12. Bd2 Bd4 13. Nd1 dxe4 14. dxe4 Ne5 15. Bf4 Nc4 16. c3 Bc5 {1-0 (39) Aguiar,H (2028)-Koekemoer,B Caldas Novas 2011}) 11... Qb6 12. Qe2 a5 13. Kh1 d4 14. Nb1 e5 15. Nd2 Bd6 16. f4 Qc7 17. f5 Nb6 18. g4 c5 19. Nf3 (19. g5 $16 Nfd7 20. Qh5) 19... c4 $11 20. Bg5 Nfd7 21. f6 g6 22. Bh6 (22. h4 $11) 22... Rfc8 23. Ng5 {[#]} (23. Bg7 $11) 23... Bf8 $1 $17 24. Bxf8 Nxf8 25. Qe1 {And now Qh4 would win.} Nbd7 26. a4 (26. c3 $17 {keeps fighting.}) 26... bxa4 $19 27. Rxa4 cxd3 28. cxd3 h6 29. Nf3 Ne6 ({Don't take} 29... Nxf6 30. Rc4 $15) 30. Qh4 Kh7 31. g5 h5 32. Raa1 (32. Rfa1 $142) 32... Nf4 {Played: Qc7-c2} 0-1